All Songs - Bladee - Statistics

General Stats
  • This quiz has been taken 492 times
  • The average score is 76 of 183
Answer Stats
Hint Answer % Correct
Gluee Deletee (Intro)
86%
Icedancer Be Nice 2 Me
84%
Red Light Obedient (feat. Ecco2k)
77%
Gluee Unreal
71%
333 Reality Surf
70%
Eversince Sugar
70%
Eversince Who Goes There
70%
Gluee Ebay (feat. Thaiboy Digital & Ecco2k)
68%
Icedancer Mallwhore Freestyle
68%
Plastic Surgery Plastic Surgery (feat. Ecco2k)
68%
Trash Island (with Thaiboy Digital & Ecco2k) Western Union
68%
Vanilla Sky Vanilla Sky (feat. Ecco2k)
67%
Good Luck (Deluxe) (with Mechatok) God - Evian Christ Remix
66%
The Fool Hotel Breakfast
66%
Eversince Lovenote
66%
Eversince Romeo
66%
EXETER MIRROR (HYMN) - INTRO
64%
Eversince Skin
64%
Icedancer Side by Side (feat. Thaiboy Digital)
63%
Gluee Safehouse
62%
Crest (with Ecco2k) The Flag is Raised
62%
The Fool The Fool Intro
62%
Icedancer Frosty the Snowman
60%
Icedancer Waster
60%
Working on Dying Best Buy
59%
Gluee Spellbound
59%
Gluee Everlasting Flames (feat. Thaiboy Digital)
58%
Icedancer SmartWater
58%
Working on Dying Cherry Bracelets (feat. Yung Lean & Ecco2k)
57%
Crest (with Ecco2k) Girls Just Want to Have Fun
57%
Working on Dying Gatekeeper
56%
Eversince Rip
56%
Red Light I'm Goofy
55%
Eversince Wrist Cry
55%
Eversince Xd Out
55%
Icedancer Jaws
54%
333 Mean Girls
54%
Red Light Decay
53%
Gluee Freeze
53%
Eversince Missing Person
53%
Icedancer OKK
53%
Eversince So What (feat. Ecco2k)
53%
Gluee Shadowface (feat. BONES)
52%
Trash Island (with Thaiboy Digital & Ecco2k) 1:1 (feat. Yung Lean)
51%
Red Light 1D
51%
Crest (with Ecco2k) 5 Star Crest (4 Vattenrum)
51%
The Fool egobaby
51%
EXETER LOVESTORY (feat. Ecco2k)
50%
Icedancer Anything
49%
The Fool BBY
49%
Plastic Surgery Doorman
49%
Working on Dying Redlight Moments
49%
Red Light Steve Jobs
49%
Icedancer Topman
49%
Trash Island (with Thaiboy Digital & Ecco2k) Victim
49%
Eversince Bloodveil / Stillborn (feat. Ecco2k)
48%
Icedancer Inside Out (feat. Yung Lean)
48%
Gluee Upgrade Enabled
48%
D&G (with Thaiboy Digital & Ecco2k) Black Boy
47%
Icedancer Cartier'god Icedancer (Intermission)
47%
Red Light Golden Boy
47%
rip bladee Psycho (feat. Adamn Killa)
47%
Icedancer The Silent Boy Cries (Ripsquadd Outro)
47%
rip bladee 7-Eleven
46%
Icedancer Close
46%
Icedancer Dg Jeans
46%
Good Luck (with Mechatok) God
46%
Good Luck (with Mechatok) Rainbow
46%
Good Luck (Deluxe) (with Mechatok) Rainbow - make it double Oklou Mix
46%
Working on Dying Under Your Spell
46%
333 Hero of My Story 3style3
45%
Working on Dying Backstr€€t Boys (feat. Black Kray)
44%
Crest (with Ecco2k) Faust
44%
The Fool Let's Ride
44%
rip bladee MJ (feat. Yung Lean)
44%
Eversince Sick
44%
rip bladee 50SACINMYSOCIDGAF (feat. Yung Lean)
43%
rip bladee Butterfly (feat. Thaiboy Digital)
43%
Working on Dying Knightsbridge
43%
Spiderr URIEL OUTRO
43%
AvP (with Thaiboy Digital) Area 51
42%
D&G (with Thaiboy Digital & Ecco2k) Cinderella
42%
D&G (with Thaiboy Digital & Ecco2k) Dumpster Baby
42%
Red Light For You (feat. Ecco2k)
42%
Plastic Surgery It Suxx
42%
Working on Dying Lordship (feat. Yung Lean)
42%
Working on Dying D-925
41%
Good Luck (with Mechatok) Drama
41%
Good Luck (Deluxe) (with Mechatok) Drama (feat. Charli XCX)
41%
Red Light Nike Just Do It
41%
333 Swan Lake
41%
The Fool Trendy
41%
Red Light College Boy
40%
333 Keys to the City
40%
Icedancer Linkdin
40%
EXETER MERRY-GO-ROUND
40%
Icedancer Special Place
40%
The Fool Wett (Water2)
40%
Crest (with Ecco2k) White Meadow
40%
Vanilla Sky Birdbath
39%
EXETER DNA RAIN
39%
Spiderr HAHAH
39%
333 It Girl
39%
333 Wings in Motion
39%
Icedancer For Nothing
38%
Good Luck (with Mechatok) Intro
38%
The Fool I Think...
38%
Red Light Puppet Master
38%
Good Luck (with Mechatok) Sun
38%
Good Luck (Deluxe) (with Mechatok) Sun - Toxe Remix
38%
333 Valerie
38%
Red Light Westfield
37%
Spiderr DRAIN STORY
36%
AvP (with Thaiboy Digital) Still in Search of Sunshine
36%
D&G (with Thaiboy Digital & Ecco2k) GT-R
35%
Spiderr ICARUS 3REESTYLE
35%
Spiderr Velociraptor
34%
333 100s
33%
The Fool desiree
33%
Spiderr DRESDEN ER
33%
Red Light Hex
33%
Trash Island (with Thaiboy Digital & Ecco2k) Waterfall
33%
Crest (with Ecco2k) Yeses (Red Cross)
33%
D&G (with Thaiboy Digital & Ecco2k) First Crush (feat. Yung Lean)
32%
The Fool Inspiration Comes (feat. Thaiboy Digital)
32%
Spiderr ITS OK TO NOT BE OK
32%
The Fool Thee 9 Is Up
32%
EXETER WONDERLAND (feat. Ecco2k)
32%
Crest (with Ecco2k) Chaos Follows
31%
Sunset in Silver City I.E.E.
31%
333 Noblest Strive
31%
Red Light That Thing You Do (feat. Uli K)
31%
Red Light Fake News
30%
Spiderr UNDERSTATEMENT
30%
AvP (with Thaiboy Digital) 2X
29%
Icedancer Feel Like
29%
Crest (with Ecco2k) Heaven Sings
29%
EXETER IMAGINARY
29%
The Fool I Want It That Way
29%
333 Oh Well
29%
AvP (with Thaiboy Digital) Painkillers
29%
Exile Sentence
29%
333 Don't Worry
28%
Exile Trial
28%
Good Luck (with Mechatok) You
28%
Trash Island (with Thaiboy Digital & Ecco2k) 30th Floor
27%
Trash Island (with Thaiboy Digital & Ecco2k) Acid Rain
27%
AvP (with Thaiboy Digital) Brokeboy (feat. Ecco2k)
27%
Crest (with Ecco2k) Desire is a Trap
27%
333 Exstasia
27%
Spiderr I AM SLOWLY BUT SURELY LOSING HOPE
27%
333 Only One
27%
Spiderr She's Always Dancing
27%
Sunset in Silver City Smile
27%
D&G (with Thaiboy Digital & Ecco2k) No Life Left
26%
Trash Island (with Thaiboy Digital & Ecco2k) The Void
26%
EXETER EVERY MOMENT SPECIAL
25%
333 Innocent of All Things
25%
EXETER RAIN3OW STAR (LOVE IS ALL)
25%
D&G (with Thaiboy Digital & Ecco2k) Can't Trust (feat. Yung Lean)
24%
AvP (with Thaiboy Digital) Winter
24%
D&G (with Thaiboy Digital & Ecco2k) Scarecrows
23%
AvP (with Thaiboy Digital) 1million
22%
D&G (with Thaiboy Digital & Ecco2k) Botox Lips
22%
D&G (with Thaiboy Digital & Ecco2k) Happily Ever After
22%
Trash Island (with Thaiboy Digital & Ecco2k) You Lose
22%
D&G (with Thaiboy Digital & Ecco2k) Climbing
21%
333 Finder
21%
Spiderr NOTHINGG (feat. Wondha Mountain)
21%
The Fool Search True
21%
Spiderr BLUE CRUSH ANGEL
20%
D&G (with Thaiboy Digital & Ecco2k) Wickr Man
20%
Spiderr DISASTER PRELUDE (feat. Ecco2k)
19%
D&G (with Thaiboy Digital & Ecco2k) Nosebleed
19%
D&G (with Thaiboy Digital & Ecco2k) Stalker
18%
D&G (with Thaiboy Digital & Ecco2k) Suffocation
18%
D&G (with Thaiboy Digital & Ecco2k) Wrong
17%
Good Luck (with Mechatok) Grace
16%
Good Luck (Deluxe) (with Mechatok) Grace - Salem Remix
16%
Good Luck (with Mechatok) Into One
16%
D&G (with Thaiboy Digital & Ecco2k) Numb / Beverly Hills
16%
EXETER OPEN SYMBOLS (PLAY) BE IN YOUR MIND
15%
Good Luck (Deluxe) (with Mechatok) Gates
14%
No matching quizzes found
Score Distribution
Percent of People with Each Score
Percentile by Number Answered
Your Score History
You have not taken this quiz